• 首页
  • 本馆介绍
  • 公告通知
  • 最新文献
  • 馆藏检索
  • 电子资源
  • 读者导购
  • 参考咨询
  • 我的图书馆
  • 登录
  • 详细信息显示
  • 放入我的书架
  • 预约/预借图书
  • 作者相关作品
  • 分类相关作品
  • 丛书相关作品
  • 出版社相关作品

书目信息

  • 表格格式
  • 工作单格式
  • 卡片格式
题名:
新版课程标准解析与教学指导
    
 
作者: 曹一鸣 主编
分册:   小学数学
出版信息: 北京   北京师范大学出版社  2022
页数: 288页
开本: 26cm
丛书名: 义务教育课程标准(2022年版)解析与教学指导丛书
单 册:
中图分类: G623 , G623.503
科图分类:
主题词: 小学数学课--教学参考资料
电子资源:
ISBN: 978-7-303-27959-3
000 01050nam 2200265 450
001 012024000381
005 20240924225236.0
010    @a978-7-303-27959-3@dCNY55.00
100    @a20240924d2022 em y0chiy50 ea
101 0  @achi
102    @aCN@b110000
105    @aa z 000yy
106    @ar
200 1  @a新版课程标准解析与教学指导@Axin ban ke cheng biao zhun jie xi yu jiao xue zhi dao@e2022年版@i小学数学@f曹一鸣主编
210    @a北京@c北京师范大学出版社@d2022
215    @a288页@c图@d26cm
225 2  @a义务教育课程标准(2022年版)解析与教学指导丛书
330    @a本书内容包括:义务教育数学课程标准的研制背景、核心素养与课程目标、数与代数领域内容分析与教学实施、图形与几何领域内容分析与教学实施、统计与概率领域内容分析与教学实施等。
410  0 @12001 @a义务教育课程标准(2022年版)解析与教学指导丛书
606 0  @a小学数学课@j教学参考资料
690    @aG623@v5
690    @aG623.503@v5
701  0 @a曹一鸣@Acao yi ming@4主编
801  0 @aCN@bAHXH@c20240924
905    @b214144488@b214144497@b214144503@b214144512@b214144521@dG623@e2966@f5
    
    新版课程标准解析与教学指导:2022年版.小学数学/曹一鸣主编.-北京:北京师范大学出版社,2022
    288页:图;26cm.-(义务教育课程标准(2022年版)解析与教学指导丛书)
    
    
    ISBN 978-7-303-27959-3:CNY55.00
    本书内容包括:义务教育数学课程标准的研制背景、核心素养与课程目标、数与代数领域内容分析与教学实施、图形与几何领域内容分析与教学实施、统计与概率领域内容分析与教学实施等。
●
相关链接 在E读中查询图书 在五车中查询图书 在当当中查询图书 在豆瓣中查询图书


正题名:新版课程标准解析与教学指导     索取号:G623/2966         预约/预借

序号 登录号 条形码 馆藏地/架位号 状态 备注
1 1414448   214144488   第一样本阅览室/ [索取号:G623/2966] 在馆    
2 1414449   214144497   第四借阅区/ [索取号:G623/2966] 在馆    
3 1414450   214144503   第四借阅区/ [索取号:G623/2966] 在馆    
4 1414451   214144512   第四借阅区/ [索取号:G623/2966] 在馆    
5 1414452   214144521   第四借阅区/ [索取号:G623/2966] 在馆    
唐山师范学院图书馆 欢迎您!
大连网信软件有限公司© 版权所有